| 000 | 00501nam a2200157 i 4500 | ||
|---|---|---|---|
| 001 | 78445 | ||
| 003 | ES-MaACL | ||
| 005 | 20230906173713.0 | ||
| 007 | t| | ||
| 008 | 041014s1908 fr ||||1| fre d | ||
| 100 | 1 |
_aHariot, Paul. _961850 |
|
| 245 | 1 | 4 |
_aLes urédinées _b: (rouilles des plantes) / _cpar Paul Hariot. |
| 260 |
_aParis : _bOctave Doin, _c1908 ( _ePoitiers : _fSociété Française d'Imprimerie et de Librairie) |
||
| 300 |
_aXVI, 392 p. : _bil. ; _c19 cm. |
||
| 852 |
_aES-MaACL _jD-4430 |
||
| 999 |
_c78445 _d78445 |
||